000 00429nam a2200181 a 4500
001 BRCA_7277
005 20190320205757.0
008 270112s1922----gw-#######---#000-0#ger-#
041 _ager
044 _agw
100 1 _aSchaer, Wilhelm
_918012
245 1 0 _aSiebeneschen
_bRoman
_cWilhelm Schaer.
260 _aBremen
_bG. Winters Buchh
_c1922
300 _a302 p.
_c19 cm.
500 _aP41
902 _aGFM
942 _2lcc
_cB
999 _c6955
_d6955